000 00385nam a2200169Ia 4500
008 210210b1908 xxu||||| |||| 00| 0 eng d
041 _aeng
082 _a825/487
100 _aKER (W P)
245 _aEpic and romance
260 _aLondon
_bMacmillan & Co. Ltd.
_c1908
650 _aromance
650 _aEpic
650 _aand
690 _aEnglish Criticism
906 _a014804
999 _c134024
_d134024